| 000 | 00506nam a22001817a 4500 | ||
|---|---|---|---|
| 008 | 251015b ||||| |||| 00| 0 spa d | ||
| 020 | _a978-631-91292-0-5 | ||
| 040 |
_aAR-FvUNAJ _dAR-FvUNAJ _eaacr2 |
||
| 082 | 1 | 4 |
_214 _a861 |
| 100 | 1 |
_921971 _aPortillo, Jésica Noemí |
|
| 245 | 1 | 0 |
_aBuena vida mala piba / _cJésica Portillo |
| 260 |
_aLa Plata : _bDido, _c2025. |
||
| 300 | _a100 p. | ||
| 650 | 0 |
_91138 _aLITERATURA ARGENTINA |
|
| 650 | 0 |
_91369 _aCUENTO |
|
| 650 | 0 |
_9981 _aPOESIA |
|
| 942 |
_2ddc _cLIBRO |
||
| 999 |
_c11142 _d11142 |
||
| 980 |
_62 _aVirginia Figueroa _82 _gVirginia Figueroa |
||